Top 15 Tour de France 2023 - Statistiques

Statistiques générales
  • Ce quiz a été pris 45 fois
  • Le résultat moyen est 10 sur 15
Statistiques - réponses
Position Réponse % Correct
1 Jonas Vingegaard
100%
2 Tadej Pogacar
97%
3 Adam Yates
92%
4 Simon Yates
92%
9 David Gaudu
89%
12 Sepp Kuss
79%
10 Guillaume Martin
76%
11 Thibault Pinot
76%
5 Carlos Rodriguez
58%
7 Jai Hindley
53%
6 Pello Bilbao
47%
8 Felix Gall
42%
13 Thomas Pidcock
42%
15 Jonathan Castroviejo
11%
14 Rafal Majka
11%
Aucun quiz correspondant
Distribution des résultats
% des personnes avec chaque résultat
Percentile par nombre de réponses
Votre historique - résultats
Vous n’avez pas pris ce quiz